| 000 | 01039cam a2200337 a 4500 | ||
|---|---|---|---|
| 008 | |||
| 020 | _a0727913786 (pbk.) | ||
| 049 | _aMAIN | ||
| 090 |
_aRC86.7 _bABC |
||
| 245 | 0 | 0 |
_aABC of major trauma / _cedited by Peter, Driscoll, David V. Skinner [and] , Richard, Earlam. |
| 250 | _a3rd ed. | ||
| 260 |
_aChichester : _bBMJ Books, _c2000. |
||
| 300 |
_aix, 181 p : _bill(chiefly color), ; _c28 cm. |
||
| 440 | 1 | _aABC series. | |
| 504 | _aIncludes bibliographical references. | ||
| 500 | _aIncludes index. | ||
| 650 | 0 | _aEmergency medicine. | |
| 650 | 0 | _aMedical emergencies. | |
| 650 | 0 | _aTraumatology. | |
| 650 | 0 |
_aWounds and injuries _xTreatment. |
|
| 650 | 1 | 2 |
_aWounds and Injuries _xtherapy. |
| 650 | 2 | 2 | _aEmergencies. |
| 650 | 2 | 2 |
_aEmergency Medical Services _xmethods. |
| 700 | 1 | _aSkinner, David V. | |
| 700 | 1 | _aRichard, Earlam. | |
| 907 |
_a.b10361728 _b10-09-15 _c10-09-15 |
||
| 003 | |||
| 005 | 20230120204156.0 | ||
| 040 | _cNUST | ||
| 942 |
_cBOOKS _kRC86.7 _mABC |
||
| 999 |
_c118499 _d118499 |
||